[Event "Bohnice B - DDM A"]
[Site "?"]
[Date "2005.01.12"]
[Round "1.1"]
[White "Matras, Ondrej"]
[Black "Stross, Frantisek"]
[Result "1/2-1/2"]
[WhiteElo "2220"]
[BlackElo "2276"]
[Annotator "Frantisek Stross"]
[PlyCount "151"]
[EventDate "2005.??.??"]

1. d4 Nf6 2. c4 g6 3. Nc3 Bg7 4. e4 d6 5. f3 O-O 6. Be3 c5 7. Nge2 ({Po} 7.
dxc5 dxc5 8. Qxd8 Rxd8 9. Bxc5 Nc6 10. Nd5 Nd7 $1 {
ma cerny vybornou kompenzaci.}) 7... Nc6 8. Qd2 cxd4 {
Timto prechazi hra z kralovske indicke do Maroczyho vystavby v sicilske.} ({
Za cerneho je asi lepsi s vymenou v centru vyckat a hrat napr.} 8... e6 {nebo})
(8... Qa5) 9. Nxd4 Bd7 10. Be2 Nxd4 11. Bxd4 Bc6 12. O-O Nd7 13. Bxg7 ({
Bily si vetsinou cernopolne strelce uchovava a hraje} 13. Be3 {
Hra potom muze pokracovat} a5 14. b3 Nc5 15. Rab1 Qb6 {
s dalsim Vfc8 a Dd8 a pevnou pozici cerneho.}) 13... Kxg7 14. b3 Qb6+ 15. Kh1
Rfc8 $2 (15... a5) 16. f4 $1 a5 $2 (16... Nc5) 17. Bg4 $16 {
To jsem uplne prehledl, razem stoji cerny strategicky na prohru.} Rd8 18. Bxd7
Rxd7 19. f5 Qc5 20. Rf3 $2 ({Po} 20. Nd5 $1 {by to cerny tezko rozchodil.})
20... Qe5 21. Raf1 f6 22. Rh3 g5 23. Qe2 Rh8 24. Rd1 (24. Qh5) 24... h5 $1 {
Cerny sice stoji stale hur, ale z nejhorsiho uz je venku.} 25. Re3 h4 26. Nd5
Kf7 27. Qe1 h3 28. g3 a4 29. b4 Bxd5 {S nabidkou remizy.} 30. Rxd5 Qb2 31. Re2
Qa3 32. Qd2 Qf3+ 33. Kg1 Rc7 34. Rd3 Qg4 35. Rc3 Rhc8 {Tady uz jsem si veril,
ze partii neprohraju, i kdyz bily stale drzi urcitou vyhodu.} 36. Qd5+ Kg7 37.
Kf2 Rc6 38. Ke3 Qh5 39. Re1 R8c7 40. Rec1 Qe8 41. Kd2 Qa8 42. a3 Qa7 43. Ke2
Qa8 44. Kf3 Qh8 45. Kg4 $1 {Bily manevruje se svym kralem mistrovsky. Pokud by
se nyni cerna dama snazila pokryt pesce a4, nebojacny bily kral by sebral
pesce h3. Musim sportovne uznat, ze v teto fazi partie me bily prehral.} Rc8
46. Qb5 R6c7 47. Qxa4 {Bily ziskal pesce, ale partie uz se dostala do faze
oboustranne silne casove tisne.} Qg8 48. Qb5 e6 49. a4 {
Tady a v dalsim tahu jsem mel zkusit d5.} Qh7 50. Rd3 Re7 51. Re1 Rce8 52. Rde3
{Zbytek uz byla blicka.} Rh8 53. Kf3 g4+ 54. Kf2 Rhe8 55. fxe6 Rxe6 56. Qxb7+
R8e7 57. Qd5 Re5 58. Qxd6 f5 59. Qd4 Kh6 60. Kg1 Qf7 61. exf5 Rxe3 62. Rxe3
Rxe3 63. Qxe3+ Kh5 64. Qf4 ({Okamzite koncilo partii} 64. Qe6) 64... Qa7+ 65.
Kf1 (65. Qf2) 65... Qxa4 ({
V te rychlosti me nenapadlo, ze muj kral stoji v patu.} 65... Qg1+ $1 $11) 66.
f6 Qa1+ 67. Ke2 Qb2+ 68. Ke3 Qc3+ 69. Ke4 Qxc4+ 70. Kf5 Qd5+ (70... Qc8+) 71.
Qe5 Qd7+ 72. Kf4+ Kh6 73. Qg5+ Kh7 74. Qg7+ {a dlouha pout cerne damy skoncila.
} Qxg7 75. fxg7 Kxg7 76. Kxg4 {
a bily po nekolika tazich prekrocil cas. 2:10 2:09} 1/2-1/2

[Event "Prebor Prahy druzstev I. trida - skupina"]
[Site "Praha"]
[Date "2005.01.12"]
[Round "1.2"]
[White "Jahoda, Ladislav"]
[Black "Hrebicek, Petr"]
[Result "1-0"]
[WhiteElo "2007"]
[BlackElo "2145"]
[PlyCount "61"]
[EventDate "2005.??.??"]
[WhiteTeam "DDM Praha 6 A"]
[BlackTeam "SK Bohnice B"]

1. e4 e6 2. d4 d5 3. e5 c5 4. c3 Nc6 5. Nf3 Qb6 6. Bd3 cxd4 7. cxd4 Bd7 8. O-O
Nxd4 9. Nxd4 Qxd4 10. Nc3 a6 11. Re1 Bb4 12. Be3 Qh4 13. g3 Qd8 14. Qg4 Bf8 15.
Rac1 h5 16. Qe2 g6 17. Qc2 Ne7 18. Bg5 Bg7 19. Nxd5 exd5 20. e6 Bxe6 21. Rxe6
fxe6 22. Bxg6+ Kd7 23. Re1 Qb6 24. Bf7 e5 25. Bxe7 Kxe7 26. Bxd5 Rhf8 27. Re2
Rac8 28. Qh7 Qh6 29. Rxe5+ Kd6 30. Re6+ Kxd5 31. Qe4+ 1-0

[Event "Bohnice B - DDM A"]
[Site "?"]
[Date "2005.01.12"]
[Round "1.4"]
[White "Hacaperkova, Lenka"]
[Black "Sasinka, Jiri"]
[Result "1-0"]
[WhiteElo "1917"]
[BlackElo "1937"]
[Annotator "Hacaperkova"]
[PlyCount "63"]
[EventDate "2005.??.??"]

1. e4 d6 2. d4 Nf6 3. Nc3 g6 4. Be3 {
Proti Pircovce hraju rada, sice vzdycky stojim podivne, ale dost si v ni verim.
} Bg7 5. h3 $6 O-O 6. Bd3 c6 7. f4 e5 8. dxe5 dxe5 9. f5 $2 {
Zacina faze me naproste sleposti..} (9. g3) 9... b5 (9... gxf5 10. exf5 e4 11.
Bc4 $17) 10. g4 {10.g4 jsem hrala,abych zabranila hrozbe 10..b4 11.Jce2 Jxe4
12.Sxe4 Dh4+ s dobranim strelce. Prehlidla jsem variantu s vlozenim jezdce na
g3:13.Jg3 Dxg3 14.Sf2 Df4 15.Dg5, kde bych si nemohla na nic stezovat} (10.
fxg6 fxg6 11. Nf3) 10... b4 11. Nce2 gxf5 12. exf5 $6 (12. gxf5 {
rozhodne lepsi. Nevidela jsem vsak ten mezitah Jg3} Nxe4 13. Bxe4 Qh4+ 14. Ng3
Qxg3+ 15. Bf2 Qf4 16. Qg4 $11) 12... Qd5 {dalsi rana. Co souperuv tah, to udiv
(nebo ulek) v mych ocich. Uz jsem si malovala ztratu strelce.} 13. Rh2 (13. Ng3
$1 {to jsem bohuzel videla az kdyz jsem vzala vez do ruky..} e4 14. Bf1 Rd8 (
14... Qe5 15. N1e2 Qxb2) 15. N1e2) (13. g5 $5) 13... e4 14. Nf4 Qe5 15. Bc4
Nxg4 16. hxg4 $2 {
Obet jezdce me tak prekvapila,ze me ani nenapadlo vzit na g4 damou.} (16. Qxg4
Bxf5 (16... Qxb2 17. Rd1) 17. Qe2 Qxb2 18. Rd1 Qc3+ 19. Kf1 $16) 16... Qxb2 17.
Bxf7+ $2 {Rikala jsem si,ze stejne o strelce prijdu a takhle aspon jeste vic
otevru cerneho krale. A treba se pak dostanu k utoku..} (17. Rb1 Qc3+ 18. Qd2
Qxc4 19. Rxb4 Qxa2) 17... Rxf7 {ztratila jsem ted spoustu casu nad 18.Dd8+ s
Vd1 nebo s Dh4. Nic jsem nemohla dopocitat, tak jsem se neodvazila. Nicmene by
mohlo vzniknout spoustu zajimavych variant..} 18. Rb1 (18. Qd8+ Rf8 19. Rd1
Rxd8 (19... Bxf5 $18 20. gxf5 Rxd8 21. Rxd8+ Kf7 22. Rxh7 Qc3+ 23. Kf2 Qe5 24.
Ngh3 Qxf5 25. Rh5 Qg4 26. Ng5+ Kf6 27. Rd6+ Ke7 28. Rg6) (19... Qc3+ 20. Kf2
Qxc2+ 21. Nge2 Nd7 22. Qh4 (22. Rxd7 Rxd8 23. Rxd8+ Kf7 (23... Bf8)) 22... Nf6
23. Rd2 (23. Rd6 Nxg4+ 24. Qxg4 Bxf5 25. Qg3 Qxa2 26. Rg2 Bg6 (26... Rf7 27.
Bd4 Qa3 (27... Bg6 28. Bxg7 Rxg7 29. Nxg6 hxg6 30. Rxg6 Qf7+ 31. Nf4 Rxg6 32.
Qxg6+ Qxg6 33. Rxg6+ Kh7 34. Rxc6 Rb8 35. Rc7+ Kh6 36. Rxa7 b3 37. Ra1 b2 38.
Rb1 Kg5 39. Ne6+) 28. Qxg7+ Rxg7 29. Rxg7+ Kf8 30. Rg3 Ke7 31. Rf6) 27. Kg1
Qa1+ 28. Kh2 Qe5 29. Nxg6 Qxg3+ 30. Rxg3) 23... Qc4 24. g5 Bxf5 25. gxf6 Bxf6
26. Rg2+ Kh8 27. Qh6 Be5 28. Rg5) 20. Rxd8+ Kf7 21. Rxc8 Qb1+ 22. Kf2) 18...
Qxa2 19. Rb3 Rd7 20. Qb1 Bc3+ 21. Kf2 Qa5 22. Nh5 (22. Rxc3 $1 {celou partii
touzim potom, dat za cernopolneho strelce treba vez a kdyz mam moznost, tak ji
nevyuziju.} bxc3 23. Qb3+ Rf7 $2 (23... Rd5 24. Rh6 Kg7) 24. Rxh7) 22... Qe5 {
ted mi zacala velka casova tisen, mela jsem minutu, souper tak 6 minut.} 23.
Kg2 c5 24. Qa2 Qd5 25. Rb2 Bxb2 $2 {to jsem si moc prala. Diky souperove hrube
chybe jsem opet ve hre,staci prezit casovku.} 26. Qxb2 Rf7 27. Nf6+ Rxf6 28.
Qxf6 Qf7 29. Qd8+ Qf8 30. Qg5+ Qg7 31. Qd8+ Qf8 {
souper prekrocil cas, po rekonstrukci mi nabidl remizu.} 32. Qd5+ 1-0

[Event "Bohnice B - DDM A"]
[Site "Bohnice B"]
[Date "2005.01.12"]
[Round "1.7"]
[White "Bosak, Zdenek"]
[Black "Nemec, Jan"]
[Result "1/2-1/2"]
[WhiteElo "1876"]
[BlackElo "1883"]
[PlyCount "59"]
[EventDate "2004.??.??"]

1. e4 e5 2. Nf3 Nc6 3. Bc4 Bc5 4. d3 {Tohle hrajou jen zbabelci.} h6 {
A tohle jen zacatecnici. Ja jsem to odkoukal od Lenky.} 5. Nc3 Nf6 6. O-O d6 7.
Be3 Bb6 8. Bxb6 axb6 9. d4 {
Tenhle plan se mi moc nezda, ale sam nevim, co bych za bile hral.} Bg4 {
Dobry, prirozeny tah.} 10. d5 $6 Nd4 11. Be2 Bxf3 12. Bxf3 O-O 13. a3 Nd7 14.
Bg4 Qe7 15. Bxd7 {Uplne nechapu souperuv plan. Uhnul z dosahu dobreho kone a
vymenil strelce za spatneho. Asi chtel jen menit.} Qxd7 16. Ne2 Nxe2+ 17. Qxe2
{Bily opravdu neprojevuje snaho o iniciativu. Za prirozene pokracovani jsem
povazoval tlak cerneho na kralovskem kridle a bileho na damskem s prulomem na
c sloupci.} f5 18. f3 f4 19. c4 Ra4 (19... g5 20. b4 h5 21. Rfc1 Kf7 22. Rc3 g4
23. Rac1 Rg8 24. c5 bxc5 25. bxc5 dxc5 26. Rxc5 $16 {Podobne varianty jsem
pocital pri partii, samozrejme nic netvrdim o kvalite jednotlich tahu, jen
ukazuju, proc jsem radej pasivne branil damske kridlo.}) 20. b3 Ra7 21. a4 {
Bily se ovsem o zadny prulom nesnazi, chce jen vsechno zablokovat.} Kf7 {
Jeste zbyva vyjasnit kralovske kridlo.} 22. Kh1 g5 23. Rg1 h5 24. g4 $1 {
Vzhledem k touze bileho po remize silny tah. Cerny musi sam zablokovat
kralovske kridlo a na damskem nemuze delat vubec nic.} h4 25. h3 Rfa8 26. Rac1
Kf6 27. Rgd1 Qe8 28. Rc2 Qd7 29. Rcd2 Qe8 30. Qd3 1/2-1/2

[Event "Bohnice B - DDM A"]
[Site "Praha"]
[Date "2005.01.12"]
[Round "1.8"]
[White "Smejc"]
[Black "Vlcek"]
[Result "1-0"]
[WhiteElo "1833"]
[BlackElo "1940"]
[Annotator "-,J"]
[PlyCount "89"]
[EventDate "2004.??.??"]

1. e4 e5 2. Nf3 Nc6 3. Bb5 Bc5 4. c3 Nf6 5. O-O O-O 6. d4 Bb6 7. Bg5 h6 8. Bh4
g5 9. Bg3 $2 (9. dxe5 Nxe4 10. Qd5 $1) (9. Nxg5 $5 hxg5 10. Bxg5 Re8 11. Qf3
Kg7 12. Re1 Qe7 13. Qg3 Qd6) 9... Nxe4 10. d5 $6 (10. Bxe5 d6 11. Bg3 Nxg3 12.
fxg3 Be6) 10... Nxg3 11. hxg3 e4 12. dxc6 exf3 $4 (12... dxc6 $19) 13. cxd7 $18
fxg2 14. Kxg2 Qf6 15. dxc8=Q Raxc8 16. Na3 Bc5 17. Qh5 Rcd8 18. Rad1 Rxd1 19.
Qxd1 Bxa3 20. bxa3 Qxc3 21. Qd7 a6 22. Bd3 Kg7 23. Qf5 Rh8 24. f4 $1 Qxa3 25.
fxg5 (25. Qe5+ $1 Kg8 26. Bc4 $1 g4 27. Rf2 Qd6 28. Bxf7+ Kxf7 29. Qxh8) 25...
Qxa2+ 26. Rf2 Qe6 27. gxh6+ (27. Qf6+ $1 Qxf6 28. gxf6+ Kf8 29. Rb2 $18) 27...
Rxh6 28. Qg5+ Kf8 29. Qd8+ Kg7 30. Qd4+ Kg8 31. Rf5 Qd6 32. Rg5+ Kf8 33. Rd5
Qc6 34. Be4 Qe6 35. Qc5+ Kg7 36. Rg5+ Kf6 37. Rf5+ Kg7 38. Qd4+ f6 39. Rg5+ Kf8
$4 (39... Kf7) 40. Qd8+ Kf7 41. Qxc7+ Ke8 42. Qb8+ Kf7 43. Qxb7+ Ke8 44. Bc6+
Kd8 45. Rg8+ 1-0

[Event "DDM A - Teplarna A"]
[Site "?"]
[Date "2005.01.20"]
[Round "2.1"]
[White "Stross, Frantisek"]
[Black "Seifarth, Robert"]
[Result "1-0"]
[WhiteElo "2276"]
[BlackElo "2216"]
[Annotator "Frantisek Stross"]
[PlyCount "73"]
[EventDate "2005.??.??"]

1. e4 c5 2. Nf3 e6 3. d4 cxd4 4. Nxd4 Nc6 5. Nc3 a6 6. Be3 Qc7 7. Bd3 b5 8.
Nxc6 dxc6 $6 (8... Qxc6) 9. O-O e5 10. a4 b4 11. Nb1 Nf6 12. f3 $6 ({
Velice silne bylo} 12. a5 $1 $14 {
Bily fixuje slabinu na a6 a na pripadne Jg4 ma Sb6.}) 12... Be7 {
Prilis pasivni.} (12... Qa5 $5 {s ideou Sc5 bylo lepsi.}) 13. Qe2 O-O 14. a5 {
Pozde ale prece.} Nd7 15. Qf2 $14 c5 $6 {
Ani tento taj se mi nelibi. Fritz nabizi zajimave} (15... Qd8 $5 {
s ideou vymenit cernopolne strelce po Sg5.}) 16. Nd2 Bb7 17. Rfc1 Bc6 18. c3
Bb5 19. Qe2 Bxd3 20. Qxd3 Rfb8 21. cxb4 Rxb4 22. Nc4 Rd8 23. Bd2 Nb8 24. Qe2
Rb5 $2 {Ztraci pesce.} ({Lepsi bylo} 24... Rb3) 25. Bc3 Nc6 26. Na3 Rb7 27.
Qxa6 Bg5 (27... Ra7 $2 28. Nb5) 28. Rd1 Be3+ 29. Kh1 Rxd1+ $2 {
Nyni bude vyhoda bileho jasna.} ({Po spravnem} 29... Bd4 {
by jeste vec nebyla tak jasna.}) 30. Rxd1 Bd4 31. Nc4 h6 32. Ra1 Bxc3 33. bxc3
Rb3 34. h3 $1 {Okenko pro krale je nutne.} (34. Nb6 Nxa5) 34... Rxc3 35. Nb6
Rb3 $2 ({Prehlizi nasledujici typicky obrat, jedinou sanci, jak jeste
pokracovat v boji bylo} 35... Nb4) 36. Nd5 Qb7 37. Qxc6 {1:41 1:58} 1-0

[Event "Prebor Prahy druzstev I. trida - skupina"]
[Site "Praha"]
[Date "2005.01.20"]
[Round "2.2"]
[White "Adamek, Petr"]
[Black "Jahoda, Ladislav"]
[Result "1-0"]
[WhiteElo "2079"]
[BlackElo "2007"]
[PlyCount "111"]
[EventDate "2005.??.??"]
[WhiteTeam "SK Teplarna A"]
[BlackTeam "DDM Praha 6 A"]

1. e4 e5 2. Nf3 Nc6 3. d4 exd4 4. Nxd4 Bc5 5. Nb3 Bb6 6. a4 a5 7. Nc3 Qf6 8.
Qe2 Nge7 9. h4 Nd4 10. Nxd4 Bxd4 11. Nd5 Nxd5 12. exd5+ Qe5 13. d6 cxd6 14. c3
Bb6 15. Bf4 Qxe2+ 16. Bxe2 Bc7 17. Bf3 Rb8 18. O-O-O b5 19. Rhe1+ Kd8 20. Bh5
Rf8 21. Rd4 Bb7 22. axb5 d5 23. Bxc7+ Kxc7 24. Red1 Kb6 25. Bf3 Kxb5 26. Bxd5
Bc6 27. f3 f5 28. Bc4+ Kb6 29. Re1 Rbe8 30. Rxe8 Rxe8 31. Kd2 g6 32. h5 g5 33.
Bd3 Rf8 34. Rd6 Kc5 35. Rh6 Rf7 36. Ke3 Kd5 37. g4 fxg4 38. fxg4 Re7+ 39. Kd2
Ke5 40. Rxh7 Re6 41. Rf7 Be4 42. Bxe4 Kxe4 43. Rf5 d5 44. Rxg5 Rb6 45. Kc2 a4
46. Rg6 Rb8 47. h6 Rf8 48. h7 Rf2+ 49. Kb1 Rh2 50. Rg7 d4 51. cxd4 Kxd4 52. g5
a3 53. bxa3 Kc3 54. Rc7+ Kd4 55. g6 Ke5 56. Rc8 1-0

[Event "DDM A - Teplarna A"]
[Site "?"]
[Date "2005.01.20"]
[Round "2.4"]
[White "Jernek, Pavel"]
[Black "Hacaperkova, Lenka"]
[Result "1-0"]
[WhiteElo "2003"]
[BlackElo "1917"]
[Annotator "Hacaperkova"]
[PlyCount "71"]
[EventDate "2005.??.??"]

1. Nf3 d5 2. d4 Nf6 3. e3 e6 4. Be2 Be7 5. O-O O-O 6. c4 b6 7. cxd5 exd5 8. Nc3
Bb7 9. Qc2 h6 10. Bd2 Nbd7 11. Rac1 c6 12. Bd3 Re8 13. Rfe1 Rc8 {Souper planuje
prulom v centru. Nejvetsi mou slabinou po 14.e4 se stane pesec na c6. Jedina
odpoved je c5, proto jeste posilim pole c5 vezi z c8.} 14. e4 dxe4 15. Nxe4 c5
16. Nxf6+ Bxf6 {presne tak jsem si to naplanovala. Jen jsem se ted nemohla
rozhodnou, zda vzit na f6 strelcem nebo jezdcem. Pripadalo mi, ze pro jezdce
lepsi pole nez f6 nemam, ale kdyz ho dam na f6, tak kam pak umistim
cernopolneho strelcem? Nakonec pole f6 vyhral strelec..} 17. Bb5 {
Tak tohle jsem necekala.} (17. Rxe8+ $11 {logicky tah}) 17... Rxe1+ 18. Rxe1
Bxf3 {trosku mi bylo strelce lito, ale za pesce to stalo.} 19. gxf3 Bxd4 20.
Bf4 a6 $2 {Byla jsem myslenkami jeste pred branim na f3, kdy jsem zvalovala
nejprve vlozit a6. A tak jsem mi nedoslo, ze pesacek neni pokryty :-( Ale
aspon jsem se diky jeho ztrate, zbavila klesi, ve kterych me svirali bili
strelci.} (20... Nf6 $17) 21. Bxa6 Ra8 22. Bc4 Qh4 23. Bg3 Qf6 24. Qe4 Rf8 {
ted uz jsem si poradne nadavala, co to zase hraju za pitomosti. Prestavalo se
mi to libit a porad jsem si nevedela rady s jezdcem.} 25. Qd5 Nb8 {konecne jsem
prisla na to, kam s nim. Vybrala jsem pro nej pole e4. Ale kam se strelcem?
Tyhle dve figury musi stale bojovat o jedno pole.} 26. b3 Nc6 27. Qe4 Nb4 $2 {
tak tohle byl naprosto zbytecny tah. Ale aspon jsem se priblizila k 30. tahu.}
28. a3 Nc6 29. a4 Bc3 30. Re3 Bd2 31. Rd3 Nd4 32. Kg2 Bc1 33. Rd1 Bb2 34. Bh4
g5 35. Bg3 Bc3 $4 {hned jak jsem stiskla hodiny jsem chtrela souperi podat
ruku. jeste ve mne ale svitla nadeje, ze to treba neuvidi.} (35... Nf5 {
a jeste by nebylo nic ztraceno.} 36. Rd5 Nxg3 37. fxg3 Kg7 38. a5 bxa5 39. Rxc5
Bc3) 36. Be5 {bohuzel videl.} 1-0

[Event "DDM A - Teplarna A"]
[Site "Teplarna A"]
[Date "2005.01.20"]
[Round "2.7"]
[White "Nemec, Jan"]
[Black "Marek, Jan"]
[Result "1/2-1/2"]
[WhiteElo "1883"]
[BlackElo "1882"]
[PlyCount "132"]
[EventDate "2004.??.??"]

1. e4 c5 2. b3 $6 {Parkrat vyzkouseno proti Pavlovi.} (2. Nf3 {
A cerny si muze vybrat z mnozstvi variant tu, kterou umi nejlepe.}) (2. f4 {
A vznikaji pozice, ktere neumim hrat.}) (2. Nc3 {Pro me totez co 2. f4.}) 2...
e5 $1 3. Bb2 Nc6 $1 4. Nf3 d6 $1 5. Bb5 Bd7 6. Bxc6 $6 bxc6 $1 {Ne, ze by soupe
r hral nejak zazracne, ale vykricniky si zaslouzi za prirozeny a jednoduchy
recept proti 2. b3.} 7. O-O Nf6 8. d3 g6 9. Nbd2 Bg7 10. Nc4 Qe7 11. h3 {
Co hrat?} O-O 12. Qd2 Nh5 $1 13. Kh2 Nf4 14. Ng1 $6 {
S ideou v pripade potreby g3.} d5 $1 15. exd5 $6 cxd5 16. Rae1 $17 {
Jenom proto muj patnacty tah. Kdyz stojis blbe, zakal vodu.} Nxd3 $2 $15 (16...
Nxg2 17. Kxg2 dxc4 18. dxc4 $17 {Tohle bych tezko udrzel.}) 17. Qxd3 dxc4 18.
Qxc4 Be6 $2 {Chyba, kterou jsem nevyuzil.} 19. Qe2 f6 20. Nf3 $4 (20. f4 $1 {
To jsem proste nevidel.}) 20... Qc7 21. Kg1 c4 {Zajimavy plan.} 22. Rd1 Rfd8
23. Rxd8+ Rxd8 24. Rd1 Rxd1+ 25. Qxd1 Bf8 26. a3 $4 a5 {
Samozrejme. Slabiny a3 se budu obtizne zbavovat.} 27. bxc4 Bxc4 28. Qd2 a4 29.
Qc3 Qc5 30. Nd2 Ba6 $4 {
Cerny nevidi nekolik (velmi jednoduchych a prirozenych) tahu dopredu.} 31. Qxc5
Bxc5 32. Ne4 Be7 33. Nc3 $14 {Razem bojuje o zachranu cerny. Vzhledem k lepsim
figuram ma docela slusne sance.} Kf7 34. Nxa4 Ke6 {
Je velmi tezke damske kridlo nejak rozehrat.} 35. Nc3 f5 36. a4 Bc4 37. Nb1 {
S hrozbou Sa3 a pripadne ovlednutim diagonaly a7-g1 a uvolnenim krale pres f2.}
Ba2 $6 {Pousti krale pres f1.} 38. Nd2 Bb4 $6 39. c3 $2 (39. Nf3 $1 Bb1 40.
Bxe5) 39... Ba5 40. Kf1 Kd6 $4 {Uvolnuje mi strelce.} 41. Ba3+ $1 Kd5 42. Bb4
Bb6 43. Ke2 e4 44. g3 g5 45. a5 $1 Ba7 46. Be7 $1 $16 {
Cerny uz ma vazne problemy.} h6 47. g4 $2 {Slepe za pesci.} (47. Bf8 $1 h5 48.
Bh6 g4 49. hxg4 hxg4 50. Be3 $18) 47... f4 48. Bf8 e3 (48... Bxf2 $5 49. Kxf2
e3+ 50. Ke2 exd2 51. Bxh6 Bc4+ 52. Kxd2 Bf1 53. Bxg5 Bxh3 54. Bxf4 Bxg4 55. a6
Kc6 56. a7 Kb7 57. Bb8 $11) 49. fxe3 fxe3 50. Bxh6 $3 {Dobry a po nepravem
haneny tah. Dulezite je, ze po Jf1 by mel bily vazne problemy ne vyhrat, ale
udrzet remizu.} (50. Nf1 $2 Bc4+ 51. Ke1 Ke4 52. Ng3+ (52. Bxh6 $2 Bxf1 53.
Kxf1 Kf3 54. Bxg5 e2+ 55. Ke1 Bf2+ $19) 52... Kf3 53. Nf5 e2 54. Nd4+ Bxd4 55.
cxd4 Kg3 56. d5 Bxd5 57. Kxe2 Kxh3 58. Bxh6 Kxg4 $11) 50... exd2 51. Bxg5 Ke4
52. Kxd2 Bc4 53. Bd8 Bb8 54. h4 Kf4 55. g5 Kf5 56. Ke3 Ba7+ 57. Bb6 (57. Kf3)
57... Bb8 58. Kd4 Ba6 59. Bd8 $2 Be5+ 60. Kd5 Bxc3 $11 61. Kc6 Be2 62. Kb7 Bf3+
63. Ka7 Bxa5 $1 64. Bxa5 Kg4 65. Be1 Kh5 66. Kb6 Be4 1/2-1/2

[Event "Stavby mostu A - DDM A"]
[Site "?"]
[Date "2005.01.26"]
[Round "3.1"]
[White "Fuka, Miroslav"]
[Black "Stross, Frantisek"]
[Result "0-1"]
[WhiteElo "2056"]
[BlackElo "2276"]
[Annotator "Frantisek Stross"]
[PlyCount "80"]
[EventDate "2005.??.??"]

1. e4 c5 2. Nc3 Nc6 3. d3 g6 4. Be3 d6 5. Qd2 (5. d4 $5 cxd4 6. Bxd4 Nxd4 7.
Qxd4 Nf6 8. e5 dxe5 9. Bb5+ Bd7 10. Qxe5 a6 11. Bxd7+ Qxd7 12. Nf3 Bg7 $11)
5... Bg7 6. Nge2 Nd4 7. Nd1 $6 Bd7 8. c3 Nc6 9. d4 Nf6 10. f3 cxd4 11. cxd4 O-O
12. Bh6 $6 Bxh6 13. Qxh6 Qb6 14. Qd2 Rac8 15. Ne3 e5 $1 16. d5 (16. Nc4 Qb4 $1
$15) 16... Nb4 17. a3 ({Po} 17. Nc3 {jsem mel pripravene} Nc2+ $1 {Napr.} 18.
Qxc2 (18. Nxc2 Qxb2 19. Rb1 Qxc3 $17) 18... Qxe3+ 19. Be2 (19. Qe2 Rxc3 $5 20.
Qxe3 Rxe3+ 21. Kd2 Rxe4 22. fxe4 Nxe4+ 23. Ke3 f5 $15) 19... Nh5 $15) 17...
Qxe3 18. axb4 $2 (18. Qxe3 Nc2+ 19. Kf2 Nxe3 20. Kxe3 Rc2 21. Rb1 Bb5 $1 $15)
18... Qb6 $17 19. Nc3 Qxb4 20. Rxa7 Ra8 21. Rxa8 (21. Nb5) 21... Rxa8 22. Be2
Ra1+ 23. Nd1 Qb6 24. g4 Ba4 ({Videl jsem i} 24... Bxg4 {
, ale tah v partii mi pripadal jeste lepsi.}) 25. h4 Bxd1 26. Bxd1 Ra2 27. h5 (
27. Rh2 Qg1+) 27... Rxb2 28. Bc2 Qc5 29. Kd1 Ra2 30. Re1 Ra1+ 31. Ke2 Rxe1+ 32.
Kxe1 Qg1+ 33. Ke2 Qg2+ 34. Ke3 Qxd2+ 35. Kxd2 gxh5 36. g5 h4 37. Ke3 Nh5 38. f4
Nxf4 39. Ba4 h3 40. Kf3 h2 {1:03 1:30} 0-1

[Event "Prebor Prahy druzstev I. trida - skupina"]
[Site "Praha"]
[Date "2005.01.26"]
[Round "3.2"]
[White "Jahoda, Ladislav"]
[Black "Cervenka, Petr"]
[Result "0-1"]
[WhiteElo "2007"]
[BlackElo "1948"]
[PlyCount "50"]
[EventDate "2005.??.??"]
[WhiteTeam "DDM Praha 6 A"]
[BlackTeam "SO Stavby mostu A"]

1. e4 e6 2. d4 d5 3. e5 c5 4. c3 Nc6 5. Nf3 Qb6 6. Bd3 Bd7 7. dxc5 Bxc5 8. O-O
f6 9. Qe2 fxe5 10. Nxe5 Nxe5 11. Qxe5 Nf6 12. b4 Bd6 13. Qg5 O-O 14. Be3 Qc7
15. f4 e5 16. fxe5 Bxe5 17. Bf4 Qb6+ 18. Be3 d4 19. Bf2 Ng4 20. Nd2 Bxh2+ 21.
Kh1 Nxf2+ 22. Rxf2 Rxf2 23. Kxh2 h6 24. Qe7 Qc7+ 25. Kg1 Rxg2+ 0-1

[Event "Stavby Mostu A - DDM A"]
[Site "?"]
[Date "2005.01.26"]
[Round "3.3"]
[White "Votava, Miroslav"]
[Black "Hacaperkova, Lenka"]
[Result "1-0"]
[WhiteElo "1901"]
[BlackElo "1917"]
[Annotator "Hacaperkova"]
[PlyCount "135"]
[EventDate "2005.??.??"]

1. e4 e5 2. c4 d6 3. Nc3 g6 4. d3 Bg7 5. Nf3 Nc6 6. Be2 Nge7 7. O-O O-O 8. Be3
h6 9. h3 f5 10. Ne1 f4 {A ted uz jsem byla spokojena..} 11. Bd2 Be6 12. Bg4 Qd7
13. Bxe6+ Qxe6 14. f3 Nd4 15. Ne2 Nxe2+ 16. Qxe2 g5 17. Bc3 h5 18. Rd1 c5 19.
b3 Rf6 20. Kh2 {Zvazovala jsem Vg6 nebo Kf7 s Vh8, coz bylo rozhodne lepsi nez
okamzity prulom. Mela jsem byt trpeliva! Nicmene jsem chtela mit partii rychle
za sebou, abych se mohla nadychat cerstveho vzduchu (souper mel pred zapasem
asi nekolik piv a cigaret, coz bylo dost znat :-()} g4 (20... Rg6 21. Qf2 g4
22. hxg4 hxg4 23. fxg4 Qxg4 $17) 21. fxg4 hxg4 22. Qxg4 Qxg4 23. hxg4 Rh6+ 24.
Kg1 Rg6 25. Nf3 Rxg4 26. Kf2 Kf7 27. Rh1 Rh8 28. Rxh8 Bxh8 29. Rh1 Bg7 30. Be1
Rg6 31. Kf1 Bf6 32. Rh5 Kg7 33. Bh4 {
Porad nevim, co se strelcem a souper to vyresil za me.} Bxh4 34. Rxh4 Rh6 35.
Rh3 Rg6 36. Kf2 Rh6 37. Ng5 Rg6 (37... Rxh3 38. gxh3 $15) 38. Rh7+ Kf6 39. Rf7+
Kxg5 40. Rxe7 Kf6 41. Rxb7 a5 (41... Rg7 42. Rxg7 Kxg7 43. a3 a5 44. g3 Kf6 45.
Kf3 fxg3 46. Kxg3 Kg5 47. Kf3 Kh4 48. Kg2 $11) 42. Ra7 Rg3 43. Rxa5 Rxd3 44.
Ra6 Ke7 45. Ra7+ Kd8 46. Kf1 Kc8 47. Ra5 Kc7 48. Rb5 Rd4 49. a4 Rxe4 50. a5 Re3
51. a6 Rg3 52. Rb7+ Kc8 (52... Kc6 $11) 53. Kf2 e4 $4 54. Rb6 Kc7 55. Rb7+ Kc6
56. Rb8 Rg7 57. Rf8 e3+ 58. Kf1 Kb6 59. Rxf4 e2+ 60. Kxe2 Rxg2+ 61. Kd3 Rg6 (
61... Ra2) 62. Rf3 Re6 63. Rf8 Kxa6 64. Rb8 Re7 65. b4 cxb4 66. Rxb4 Rb7 67.
Ra4+ Kb6 68. Kd4 {dalsi tahy si nepamatuji,byla jsem ve velke casove tisni.
Souper mi nabidku remizi odmitl (nedivim se, videl jasnou vyhnu... muj cas).
Po nekolika tazich jsem dokazala dokonce ztratit pesce na d6...} 1-0